000 00315nam a22001457a 4500
008 221031b ||||| |||| 00| 0 eng d
020 _a2740352326813
041 _aeng
080 _27TH EDITION
_a575
082 _a575
100 _a13
101 _aBIO
245 _aBIOCHEMISTRY
_cCAMPBELL M
942 _2udc
_cBK
999 _c58692
_d58692